<?xml version="1.0" encoding="UTF-8"?>
<record
    xmlns:xsi="http://www.w3.org/2001/XMLSchema-instance"
    xsi:schemaLocation="http://www.loc.gov/MARC21/slim http://www.loc.gov/standards/marcxml/schema/MARC21slim.xsd"
    xmlns="http://www.loc.gov/MARC21/slim">

  <leader>01194nam a2200277 i 4500</leader>
  <controlfield tag="001">66824</controlfield>
  <controlfield tag="003">ES-MaACL</controlfield>
  <controlfield tag="005">20251002201618.0</controlfield>
  <controlfield tag="007">t|</controlfield>
  <controlfield tag="008">040405s2003    sp           ||||1| spa d</controlfield>
  <datafield tag="080" ind1=" " ind2=" ">
    <subfield code="a">929 Hern&#xE1;ndez, Miguel</subfield>
  </datafield>
  <datafield tag="080" ind1=" " ind2=" ">
    <subfield code="a">821.134.2 Hern&#xE1;ndez, Miguel 1.07</subfield>
  </datafield>
  <datafield tag="100" ind1="1" ind2=" ">
    <subfield code="a">P&#xE9;rez Alvarez, Ram&#xF3;n.</subfield>
    <subfield code="9">90637</subfield>
  </datafield>
  <datafield tag="245" ind1="1" ind2="0">
    <subfield code="a">Hacia Miguel Hern&#xE1;ndez / </subfield>
    <subfield code="c">Ram&#xF3;n P&#xE9;rez Alvarez ; edici&#xF3;n y pr&#xF3;logo Aitor L. Larrabide y Jos&#xE9; Luis Zer&#xF3;n Huguet ; ep&#xED;logo C&#xE9;sar Moreno.</subfield>
  </datafield>
  <datafield tag="260" ind1=" " ind2=" ">
    <subfield code="a">Orihuela (Alicante) : </subfield>
    <subfield code="b">Asociaci&#xF3;n Cultural Ediciones Empireuma :</subfield>
    <subfield code="b">Fundaci&#xF3;n Cultural Miguel Hern&#xE1;ndez, </subfield>
    <subfield code="c">[2003]</subfield>
  </datafield>
  <datafield tag="300" ind1=" " ind2=" ">
    <subfield code="a">131 p. : </subfield>
    <subfield code="b">il. ; </subfield>
    <subfield code="c">25 cm.</subfield>
  </datafield>
  <datafield tag="490" ind1="1" ind2=" ">
    <subfield code="a">Biblioteca hernandiana. Documentos</subfield>
  </datafield>
  <datafield tag="504" ind1=" " ind2=" ">
    <subfield code="a">Bibliograf&#xED;a: p. 14-16.</subfield>
  </datafield>
  <datafield tag="600" ind1="1" ind2="4">
    <subfield code="a">Hern&#xE1;ndez, Miguel,</subfield>
    <subfield code="d">1910-1942-</subfield>
    <subfield code="x">Cr&#xED;tica e interpretaci&#xF3;n</subfield>
    <subfield code="9">62846</subfield>
  </datafield>
  <datafield tag="700" ind1="1" ind2=" ">
    <subfield code="a">Larrabide Ach&#xFA;tegui, Aitor Luis.</subfield>
    <subfield code="9">70291</subfield>
  </datafield>
  <datafield tag="700" ind1="1" ind2=" ">
    <subfield code="a">Zer&#xF3;n Huguet, Jos&#xE9; Luis.</subfield>
    <subfield code="9">118207</subfield>
  </datafield>
  <datafield tag="710" ind1="2" ind2=" ">
    <subfield code="a">Fundaci&#xF3;n Cultural Miguel Hern&#xE1;ndez.</subfield>
    <subfield code="9">4265</subfield>
  </datafield>
  <datafield tag="830" ind1="1" ind2=" ">
    <subfield code="a">Biblioteca hernandiana. </subfield>
    <subfield code="a">Documentos</subfield>
    <subfield code="9">230855</subfield>
  </datafield>
  <datafield tag="852" ind1="4" ind2=" ">
    <subfield code="a">ES-MaACL</subfield>
    <subfield code="j">L-27288  </subfield>
    <subfield code="z">- Dedicatoria aut&#xF3;grafa de Aitor L. Larrabide</subfield>
  </datafield>
  <datafield tag="999" ind1=" " ind2=" ">
    <subfield code="c">66824</subfield>
    <subfield code="d">66824</subfield>
  </datafield>
  <datafield tag="952" ind1=" " ind2=" ">
    <subfield code="0">0</subfield>
    <subfield code="1">0</subfield>
    <subfield code="4">0</subfield>
    <subfield code="7">0</subfield>
    <subfield code="a">ATENEOM</subfield>
    <subfield code="b">ATENEOM</subfield>
    <subfield code="c">DEPO2</subfield>
    <subfield code="d">2008-01-17</subfield>
    <subfield code="e">SC</subfield>
    <subfield code="l">0</subfield>
    <subfield code="o">L-27288</subfield>
    <subfield code="p">1069992</subfield>
    <subfield code="r">2023-02-23 00:00:00</subfield>
    <subfield code="w">2023-02-23</subfield>
    <subfield code="y">MONOGRAFIA</subfield>
  </datafield>
</record>
